| 000 | 00519nam a2200193Ia 4500 | ||
|---|---|---|---|
| 005 | 20250508150946.0 | ||
| 008 | 008 250505s9999 xx 000 0 eng d | ||
| 037 | _aTextual | ||
| 040 |
_aFEDL _beng _cFEDL |
||
| 041 |
_aeng _2eng |
||
| 084 |
_a332.1, KEN _qFEDL |
||
| 100 |
_aKent Raymond P. _9126906 |
||
| 245 | 0 | _aMoney and banking | |
| 260 |
_aNew York, USA _bRinehart and Company _c1949 |
||
| 300 | _axiii,702p | ||
| 650 | _aEconomics | ||
| 942 |
_cTEXL _h332.1, KEN |
||
| 999 |
_c1326729 _d1326729 |
||